| 000 | 00453nam a2200181Ia 4500 | ||
|---|---|---|---|
| 005 | 20240823043657.0 | ||
| 008 | 240823s9999||||xx |||||||||||||| ||und|| | ||
| 041 | _aENGLISH | ||
| 082 | _A005.1 P2 | ||
| 100 | _aKrishnan N. | ||
| 245 | 0 | _aSoftware Engineering Concepts and Implementation | |
| 250 | _a1st | ||
| 260 |
_c2002 _b"MGH,New York" |
||
| 500 | _aTRANSFERED | ||
| 650 |
_aSoftware _bInformation Technology |
||
| 942 | _cBK | ||
| 999 |
_c210781 _d210781 |
||